Legal Aspects of Transsexualism /
Spremljeno u:
| Glavni autor: | |
|---|---|
| Format: | Sách giấy |
| Jezik: | English |
| Izdano: |
Wayland, Massachusetts :
Educational Resources,
1990
|
| Oznake: |
Dodaj oznaku
Bez oznaka, Budi prvi tko označuje ovaj zapis!
|
| Thư viện lưu trữ: | Thư viện Trường Đại học Đà Lạt |
|---|
| LEADER | 00586nam a2200241 4500 | ||
|---|---|---|---|
| 001 | DLU020000826 | ||
| 005 | ##1/5/1999 | ||
| 020 | # | # | |a 0-9625976-0-0 |
| 041 | # | # | |a eng |
| 082 | # | # | |a 346.013 8 |b EL-S |
| 100 | # | # | |a Elizabeth, Mary |
| 245 | # | # | |a Legal Aspects of Transsexualism / |c Mary Elizabeth |
| 260 | # | # | |a Wayland, Massachusetts : |b Educational Resources, |c 1990 |
| 300 | # | # | |a X, 80 tr.; |c 21 cm. |
| 992 | # | # | |a 2000 |
| 994 | # | # | |a DLU |
| 900 | # | # | |a False |
| 911 | # | # | |a Administrator |
| 925 | # | # | |a G |
| 926 | # | # | |a A |
| 927 | # | # | |a SH |
| 980 | # | # | |a Thư viện Trường Đại học Đà Lạt |


